[Event "POR-ch Seniors 65"]
[Site "Peniche"]
[Date "2023.06.06"]
[Round "1"]
[White "Silva, Firmino"]
[Black "Meuter, Alain"]
[Result "1-0"]
[WhiteElo "1870"]
[BlackElo "1474"]
[PlyCount "47"]
[EventDate "2023.06.06"]
[EventType "swiss"]
[EventRounds "5"]
[EventCountry "POR"]
[SourceTitle "CBM 214 Extra"]
[Source "ChessBase"]
[SourceDate "2023.07.31"]
[SourceVersion "1"]
[SourceVersionDate "2023.07.31"]
[SourceQuality "1"]

1. e4 c5 2. Nf3 Nc6 3. d4 cxd4 4. Nxd4 g6 5. Be2 Bg7 6. Be3 Nf6 7. Nc3 0-0 8. Nb3 d6 9. g4 Be6 10. g5 Nd7 11. h4 Rc8 12. h5 Nce5 13. Bd4 Nb6 14. f4 Nec4 15. Bxg7 Kxg7 16. Qd4+ Kg8 17. 0-0-0 Qd7 18. hxg6 fxg6 19. f5 gxf5 20. Rxh7 Kxh7 21. Rh1+ Kg6 22. Bh5+ Kxg5 23. Qg7+ Kf4 24. Rf1+ 1-0